[Event "VII Torneo Leonardo di Bona Magistrale"]
[Site "Cutro ITA"]
[Date "2001.04.27"]
[Round "4"]
[White "Janev, Evgeni"]
[Black "Hocevar, Nikola"]
[Result "1-0"]
[WhiteElo "2465"]
[BlackElo "2164"]
[PlyCount "53"]
[EventDate "2001.04.24"]

1. e4 c5 2. Nf3 Nc6 3. Bb5 g6 4. O-O Bg7 5. Re1 Nf6 6. e5 Nd5 7. Nc3 Nc7 8.
Bxc6 dxc6 9. Ne4 Na6 10. Nf6+ Kf8 11. Ne4 h6 12. h3 Be6 13. b3 b6 14. Bb2 Nc7
15. a4 Kg8 16. a5 Kh7 17. d4 cxd4 18. Nxd4 Qe8 19. Qf3 c5 20. Nxe6 fxe6 21.
axb6 axb6 22. Nf6+ exf6 23. exf6 Rxa1 24. Rxa1 Rf8 25. Qg3 Bxf6 26. Bxf6 Qf7
27. Ra7 1-0

[Event "VII Torneo Leonardo di Bona Magistrale"]
[Site "Cutro ITA"]
[Date "2001.04.27"]
[Round "4"]
[White "Todorov, Ognjan"]
[Black "Lazic, Miroljub"]
[Result "1/2-1/2"]
[WhiteElo "2344"]
[BlackElo "2475"]
[PlyCount "76"]
[EventDate "2001.04.24"]

1. d4 d5 2. Nf3 c6 3. c4 e6 4. Nbd2 Nf6 5. g3 Nbd7 6. Bg2 Be7 7. O-O O-O 8. Qc2
b6 9. e4 Bb7 10. e5 Ne8 11. b3 Rc8 12. Bb2 c5 13. Rfd1 Rc7 14. dxc5 Nxc5 15.
Nd4 Qa8 16. Nb5 Rd7 17. cxd5 Bxd5 18. Bxd5 Rxd5 19. Nc4 Na6 20. Rxd5 Nb4 21.
Qe2 Nxd5 22. Rc1 Qb7 23. Qf3 Qd7 24. a4 Bc5 25. Bd4 Bxd4 26. Nxd4 Nec7 27. a5
Na6 28. axb6 axb6 29. Nd6 Nc5 30. N4b5 f6 31. exf6 Rxf6 32. Qe2 Rf8 33. Ra1 Qe7
34. Rb1 Rd8 35. Ne4 Nxe4 36. Qxe4 Nf6 37. Qe2 Kh8 38. Re1 Qb4 1/2-1/2

[Event "VII Torneo Leonardo di Bona Magistrale"]
[Site "Cutro ITA"]
[Date "2001.04.28"]
[Round "5"]
[White "Drabke, Lorenz Maximilian"]
[Black "Scerbo, Antonio"]
[Result "1-0"]
[WhiteElo "2310"]
[BlackElo "2095"]
[PlyCount "53"]
[EventDate "2001.04.24"]

1. e4 c5 2. Nf3 Nc6 3. Bb5 g6 4. Bxc6 dxc6 5. d3 Bg7 6. h3 Nf6 7. Nc3 O-O 8.
Be3 b6 9. Qd2 Nd7 10. Bh6 e5 11. O-O-O b5 12. Nh2 Bxh6 13. Qxh6 Qe7 14. Ng4 Nb6
15. Ne2 f6 16. Qe3 Be6 17. Kb1 c4 18. d4 Na4 19. dxe5 fxe5 20. Nxe5 Qb4 21. b3
Rxf2 22. Qxf2 Qa3 23. Qd4 c3 24. Nd3 c5 25. Qe5 Bc4 26. Nxc3 Bxd3 27. Nxa4 1-0

[Event "VII Torneo Leonardo di Bona Magistrale"]
[Site "Cutro ITA"]
[Date "2001.04.28"]
[Round "5"]
[White "Hocevar, Nikola"]
[Black "Todorov, Ognjan"]
[Result "0-1"]
[WhiteElo "2164"]
[BlackElo "2344"]
[PlyCount "80"]
[EventDate "2001.04.24"]

1. c4 c5 2. Nf3 g6 3. Nc3 Bg7 4. e3 Nf6 5. d4 O-O 6. Be2 cxd4 7. exd4 d5 8. h3
Nc6 9. O-O b6 10. Ne5 Bb7 11. Bf3 Na5 12. b4 Nxc4 13. Nxc4 Rc8 14. Nxd5 Bxd5
15. Ne5 Bxf3 16. Nxf3 Nd5 17. a3 b5 18. Qd3 a6 19. Bd2 Nb6 20. Rad1 Qd5 21.
Rfe1 e6 22. Bg5 Rfe8 23. Qe4 Rc3 24. Ra1 Qxe4 25. Rxe4 h6 26. Bf4 Rec8 27. Ne5
g5 28. Bd2 Rc2 29. Nf3 Nc4 30. Be1 Nd6 31. Re3 Rc1 32. Rxc1 Rxc1 33. Kh2 Nc4
34. Rd3 Ra1 35. d5 Rxa3 36. Rd1 Ra1 37. Rd3 Ne5 38. Re3 Nxf3+ 39. gxf3 exd5 40.
Bc3 Bxc3 0-1

[Event "VII Torneo Leonardo di Bona Magistrale"]
[Site "Cutro ITA"]
[Date "2001.04.28"]
[Round "5"]
[White "Ivanov, Jordan"]
[Black "Janev, Evgeni"]
[Result "1/2-1/2"]
[WhiteElo "2400"]
[BlackElo "2465"]
[PlyCount "23"]
[EventDate "2001.04.24"]

1. c4 c5 2. Nc3 Nf6 3. Nf3 Nc6 4. g3 e6 5. Bg2 Be7 6. O-O O-O 7. b3 d5 8. cxd5
exd5 9. d4 h6 10. Bb2 b6 11. Rc1 Be6 12. e3 1/2-1/2

[Event "VII Torneo Leonardo di Bona Magistrale"]
[Site "Cutro ITA"]
[Date "2001.04.28"]
[Round "5"]
[White "Lazic, Miroljub"]
[Black "Dragojlovic, Andjelko"]
[Result "1-0"]
[WhiteElo "2475"]
[BlackElo "2335"]
[PlyCount "91"]
[EventDate "2001.04.24"]

1. e4 c5 2. Nc3 Nc6 3. g3 g6 4. Bg2 Bg7 5. d3 Rb8 6. Be3 d6 7. Qd2 b5 8. Nge2
b4 9. Nd1 e5 10. O-O Nd4 11. Nc1 Bg4 12. f3 Bd7 13. c3 Nc6 14. f4 Nf6 15. fxe5
Nxe5 16. Bh6 bxc3 17. bxc3 Bxh6 18. Qxh6 Neg4 19. Qf4 Qe7 20. d4 cxd4 21. cxd4
Nh5 22. Qf3 Qf6 23. Ne2 O-O 24. h3 Qxf3 25. Rxf3 Nh6 26. g4 Nxg4 27. hxg4 Bxg4
28. Rf2 Bxe2 29. Rxe2 Nf4 30. Rd2 Nxg2 31. Kxg2 f5 32. Nf2 Rbe8 33. Re1 fxe4
34. Nxe4 Kg7 35. Rf2 Rf5 36. Ree2 Rd5 37. Nc3 Rxe2 38. Nxd5 Re4 39. Rd2 h5 40.
Kf3 Rh4 41. Nc7 Kf6 42. Nb5 d5 43. Nc7 Rh3+ 44. Kg2 Ra3 45. Nxd5+ Ke6 46. Nf4+
1-0

[Event "VII Torneo Leonardo di Bona Magistrale"]
[Site "Cutro ITA"]
[Date "2001.04.28"]
[Round "5"]
[White "Mollov, Ergin"]
[Black "Genocchio, Daniele"]
[Result "1-0"]
[WhiteElo "2415"]
[BlackElo "2278"]
[PlyCount "77"]
[EventDate "2001.04.24"]

1. d4 g6 2. e4 Bg7 3. c4 c5 4. d5 e6 5. Nc3 exd5 6. cxd5 d6 7. Bd3 a6 8. a4 Ne7
9. h3 O-O 10. Nf3 h6 11. O-O g5 12. e5 dxe5 13. Re1 Ng6 14. Bxg6 fxg6 15. Nxe5
Qf6 16. Qe2 Bf5 17. Ng4 Qf7 18. Ne5 Qf6 19. Ng4 Qf7 20. Be3 Nd7 21. Rad1 Rae8
22. Qd2 b6 23. d6 Qb3 24. Nd5 Kh7 25. a5 b5 26. Nc7 Re4 27. Nxa6 h5 28. Nh2 c4
29. Qd5 Qxb2 30. Nf3 Rxe3 31. fxe3 c3 32. e4 Nf6 33. Nxg5+ Kh6 34. Qd3 Bxe4 35.
Nxe4 Nxe4 36. Qxe4 Qf2+ 37. Kh1 c2 38. Rc1 Be5 39. Qxe5 1-0

[Event "VII Torneo Leonardo di Bona Magistrale"]
[Site "Cutro ITA"]
[Date "2001.04.28"]
[Round "5"]
[White "Rotelli, Pietro"]
[Black "Abatino, Maurizio"]
[Result "0-1"]
[WhiteElo "1779"]
[BlackElo "2242"]
[PlyCount "46"]
[EventDate "2001.04.24"]

1. d4 Nf6 2. c4 e6 3. Nf3 b6 4. Nc3 Bb4 5. Bd2 Bb7 6. e3 O-O 7. Bd3 d5 8. cxd5
exd5 9. a3 Bd6 10. b4 a6 11. O-O Re8 12. Ne1 Nbd7 13. b5 a5 14. a4 Ne4 15. Nxe4
dxe4 16. Bc4 Qh4 17. h3 Nf6 18. f4 Bc8 19. Nc2 Qh6 20. Rf2 Bd7 21. Qf1 Qg6 22.
Be2 Bxh3 23. Kh2 Bg4 0-1

[Event "VII Torneo Leonardo di Bona Magistrale"]
[Site "Cutro ITA"]
[Date "2001.04.29"]
[Round "6"]
[White "Dojkova, Galina"]
[Black "Abatino, Maurizio"]
[Result "0-1"]
[WhiteElo "2110"]
[BlackElo "2242"]
[PlyCount "148"]
[EventDate "2001.04.24"]

1. e4 e6 2. d4 d5 3. Nc3 Bb4 4. exd5 exd5 5. Bd3 Ne7 6. Nge2 O-O 7. O-O c6 8.
Ng3 Ng6 9. Qh5 Nd7 10. Bg5 Be7 11. Bxe7 Qxe7 12. Rae1 Qb4 13. Nce2 Nf6 14. Qg5
Qxb2 15. Nh5 Ne4 16. Qe3 Nd6 17. Neg3 Bg4 18. f3 Rfe8 19. Qf2 Bxh5 20. Nxh5 Qb6
21. Bxg6 hxg6 22. Nf4 Nf5 23. c3 Qa5 24. Rxe8+ Rxe8 25. Re1 Qd8 26. g4 Rxe1+
27. Qxe1 Qe7 28. Qf2 Nd6 29. Ng2 Nb5 30. Qd2 Nd6 31. Ne3 Qf6 32. Kg2 Qe6 33.
Qd3 f5 34. gxf5 gxf5 35. Kf2 Qf6 36. Ng2 Kf7 37. Qd2 g5 38. Qd3 Qh6 39. Kg1 Qe6
40. Kf2 Qf6 41. Kg1 Nc4 42. Ne3 Nxe3 43. Qxe3 Qe7 44. Qd2 Kf6 45. Kf2 Kg6 46.
Qd3 Qd6 47. Kg2 Qf4 48. Qe2 Kf7 49. h3 Qd6 50. Qe3 Qe7 51. Qd3 Qe6 52. Qc2 Kf6
53. Qd3 Qe1 54. c4 dxc4 55. Qxc4 f4 56. Qg8 Qg3+ 57. Kf1 Qxf3+ 58. Ke1 Qc3+ 59.
Kf1 Qxh3+ 60. Kg1 Qg3+ 61. Kf1 Qd3+ 62. Ke1 Qe4+ 63. Kf1 Qe7 64. Qh8+ Kf5 65.
Qh3+ Kg6 66. Qh8 Qf7 67. Qc8 Qc4+ 68. Ke1 Qc3+ 69. Ke2 Qb2+ 70. Kf3 Qa3+ 71.
Kf2 Qxa2+ 72. Kf1 Qa1+ 73. Kg2 Qa2+ 74. Kf1 Qf7 0-1

[Event "VII Torneo Leonardo di Bona Magistrale"]
[Site "Cutro ITA"]
[Date "2001.04.29"]
[Round "6"]
[White "Dragojlovic, Andjelko"]
[Black "Rotelli, Pietro"]
[Result "1-0"]
[WhiteElo "2335"]
[BlackElo "1779"]
[PlyCount "73"]
[EventDate "2001.04.24"]

1. e4 c6 2. d4 d5 3. Nd2 dxe4 4. Nxe4 Bf5 5. Ng3 Bg6 6. Nh3 e6 7. Nf4 Ne7 8. h4
h6 9. Nxg6 Nxg6 10. h5 Ne7 11. c4 c5 12. dxc5 Qxd1+ 13. Kxd1 Nec6 14. Be3 Na6
15. Ne4 O-O-O+ 16. Kc2 f5 17. Nd6+ Bxd6 18. cxd6 Rxd6 19. a3 Nd4+ 20. Kc3 e5
21. b4 Nc7 22. f4 Rhd8 23. fxe5 R6d7 24. Rh4 Nce6 25. c5 Nc6 26. Bc4 Re7 27.
Bd3 Rxd3+ 28. Kxd3 Nxe5+ 29. Kc3 Rd7 30. Re1 Rd3+ 31. Kc2 f4 32. Rxf4 Rxe3 33.
Rxe3 Nxf4 34. Rxe5 Nxg2 35. Re4 Kd7 36. Kd2 Kc6 37. Rg4 1-0

[Event "VII Torneo Leonardo di Bona Magistrale"]
[Site "Cutro ITA"]
[Date "2001.04.29"]
[Round "6"]
[White "Genocchio, Daniele"]
[Black "Hocevar, Nikola"]
[Result "1/2-1/2"]
[WhiteElo "2278"]
[BlackElo "2164"]
[PlyCount "89"]
[EventDate "2001.04.24"]

1. e4 c5 2. Nf3 Nc6 3. c3 Nf6 4. d3 e5 5. Nbd2 Be7 6. g3 O-O 7. Bg2 d5 8. O-O
dxe4 9. dxe4 Re8 10. Qe2 h6 11. Nc4 Bf8 12. a4 b6 13. Nh4 Ba6 14. Nf5 Na5 15.
Nfe3 Qc8 16. Ra3 Nxc4 17. Nxc4 Qe6 18. b3 Rad8 19. Re1 Bxc4 20. bxc4 Bd6 21. a5
Bc7 22. axb6 Bxb6 23. Ra2 Re7 24. f4 Red7 25. Rc2 Ne8 26. fxe5 Bc7 27. Qf3 Re7
28. Be3 Qxe5 29. Qf2 Bb6 30. Bf4 Qe6 31. e5 Qxc4 32. Bf1 Qd5 33. c4 Qd4 34. Be3
Qxe5 35. Rce2 Qf6 36. Bxc5 Qxf2+ 37. Bxf2 Bxf2+ 38. Kxf2 Rxe2+ 39. Rxe2 Rc8 40.
Bh3 Ra8 41. c5 Kf8 42. c6 Nc7 43. Rb2 Ke7 44. Bd7 a5 45. Ke2 1/2-1/2

[Event "VII Torneo Leonardo di Bona Magistrale"]
[Site "Cutro ITA"]
[Date "2001.04.29"]
[Round "6"]
[White "Janev, Evgeni"]
[Black "Lazic, Miroljub"]
[Result "1-0"]
[WhiteElo "2465"]
[BlackElo "2475"]
[PlyCount "61"]
[EventDate "2001.04.24"]

1. e4 d6 2. d4 Nf6 3. Nc3 c6 4. a4 Qa5 5. Bd3 e5 6. Nge2 Nbd7 7. O-O Be7 8. Bd2
Qc7 9. a5 O-O 10. Kh1 exd4 11. Nxd4 Nc5 12. f4 a6 13. Qf3 Nxd3 14. cxd3 c5 15.
Nc2 Bd7 16. Ne3 Bc6 17. g4 Ne8 18. Ncd5 Bxd5 19. Nxd5 Qd8 20. g5 Nc7 21. Nb6
Rb8 22. Rg1 Na8 23. Nd5 Nc7 24. Ne3 d5 25. Rg2 Qd7 26. f5 g6 27. Ng4 h5 28.
Nf6+ Bxf6 29. gxf6 dxe4 30. Qxh5 Nd5 31. fxg6 1-0

[Event "VII Torneo Leonardo di Bona Magistrale"]
[Site "Cutro ITA"]
[Date "2001.04.29"]
[Round "6"]
[White "Todorov, Ognjan"]
[Black "Ivanov, Jordan"]
[Result "1/2-1/2"]
[WhiteElo "2344"]
[BlackElo "2400"]
[PlyCount "36"]
[EventDate "2001.04.24"]

1. c4 e6 2. Nc3 d5 3. d4 Nf6 4. cxd5 exd5 5. Bg5 Be7 6. e3 c6 7. Bd3 Nbd7 8.
Qc2 O-O 9. Nf3 Re8 10. O-O Nf8 11. h3 g6 12. Rab1 a5 13. a3 Ne6 14. Bxf6 Bxf6
15. b4 axb4 16. axb4 Ng7 17. Na4 Bf5 18. Bxf5 Nxf5 1/2-1/2

[Event "VII Torneo Leonardo di Bona Magistrale"]
[Site "Cutro ITA"]
[Date "2001.04.30"]
[Round "7"]
[White "Abatino, Maurizio"]
[Black "Ivanov, Jordan"]
[Result "0-1"]
[WhiteElo "2242"]
[BlackElo "2400"]
[PlyCount "70"]
[EventDate "2001.04.24"]

1. d4 Nf6 2. c4 d6 3. Nc3 g6 4. e4 Bg7 5. Nge2 O-O 6. Ng3 c5 7. d5 e6 8. Be2
exd5 9. exd5 Re8 10. O-O a6 11. a4 Nbd7 12. h3 h5 13. Bg5 Qc7 14. Re1 Nh7 15.
Bf4 Ne5 16. Qd2 Bd7 17. Bh6 h4 18. Nf1 f5 19. Bxg7 Kxg7 20. f4 Nf7 21. Nh2 Qd8
22. Nf3 g5 23. fxg5 Nhxg5 24. Nxg5 Qxg5 25. Qxg5+ Nxg5 26. Bh5 Rxe1+ 27. Rxe1
Kf6 28. Bd1 Re8 29. Rxe8 Bxe8 30. Kf2 f4 31. a5 Bd7 32. b3 Ke5 33. Bf3 Bf5 34.
Bd1 Ne4+ 35. Nxe4 Bxe4 0-1

[Event "VII Torneo Leonardo di Bona Magistrale"]
[Site "Cutro ITA"]
[Date "2001.04.30"]
[Round "7"]
[White "Genocchio, Daniele"]
[Black "Janev, Evgeni"]
[Result "1/2-1/2"]
[WhiteElo "2278"]
[BlackElo "2465"]
[PlyCount "123"]
[EventDate "2001.04.24"]

1. d4 Nf6 2. c4 d6 3. Nc3 g6 4. e4 Bg7 5. h3 O-O 6. Bg5 c6 7. Nge2 a6 8. Qd2 b5
9. Ng3 e5 10. d5 b4 11. Nd1 cxd5 12. cxd5 a5 13. h4 Nbd7 14. h5 Nc5 15. f3 Bd7
16. Be2 Rc8 17. Nf2 Re8 18. Kf1 Rc7 19. Rc1 Na4 20. Rxc7 Qxc7 21. Nd3 Rc8 22.
hxg6 fxg6 23. Kf2 Rf8 24. Kg1 Ne8 25. Kh2 Bf6 26. Rc1 Qd8 27. Be3 Rf7 28. a3
bxa3 29. b3 Nb2 30. Ra1 a4 31. Nb4 Bg7 32. Nf1 axb3 33. Rxa3 Na4 34. Rxb3 Nc5
35. Ra3 h6 36. Kg1 Kh7 37. Nc6 Qh4 38. Bf2 Qxf2+ 39. Kxf2 Nxe4+ 40. Ke3 Nxd2
41. Nxd2 Nf6 42. Ra5 h5 43. Nc4 Nxd5+ 44. Rxd5 Bxc6 45. Rxd6 Rf6 46. Rxf6 Bxf6
47. g3 Kg7 48. Bd3 Bg5+ 49. Kf2 Bf6 50. Ke3 Bd5 51. Nd6 Be7 52. Bc4 Bc6 53. Bb5
Ba8 54. Ne8+ Kh6 55. Nc7 Bb7 56. Bc4 Bc5+ 57. Ke2 g5 58. Bd5 Bxd5 59. Nxd5 h4
60. gxh4 gxh4 61. f4 e4 62. Nf6 1/2-1/2

[Event "VII Torneo Leonardo di Bona Magistrale"]
[Site "Cutro ITA"]
[Date "2001.04.30"]
[Round "7"]
[White "Lazic, Miroljub"]
[Black "Drabke, Lorenz Maximilian"]
[Result "1/2-1/2"]
[WhiteElo "2475"]
[BlackElo "2310"]
[PlyCount "108"]
[EventDate "2001.04.24"]

1. Nf3 d5 2. b3 Nf6 3. Bb2 Bf5 4. g3 c6 5. Bg2 Nbd7 6. O-O e6 7. d3 Be7 8. Nbd2
O-O 9. c4 Bd6 10. Nh4 Bg4 11. d4 Qe7 12. h3 Bh5 13. a3 b6 14. Re1 Rfd8 15. Qc2
Bg6 16. Nxg6 hxg6 17. e4 dxe4 18. Nxe4 Nxe4 19. Qxe4 Rac8 20. Qc2 Re8 21. b4
Nf6 22. Qa4 Qd7 23. Rac1 b5 24. Qa6 bxc4 25. Rxc4 Nd5 26. Rec1 Rc7 27. Rxc6
Rec8 28. b5 Ne7 29. Rxc7 Rxc7 30. Qa5 Rxc1+ 31. Bxc1 Bb8 32. Bb2 Nf5 33. Bc6
Qd6 34. Qc3 Bc7 35. Be4 Bb6 36. Bxf5 gxf5 37. a4 Qd5 38. a5 Bd8 39. Qc8 Kh7 40.
Qc5 Bxa5 41. Qxd5 exd5 42. Ba3 Bb6 43. Bc5 g5 44. Kg2 Kh6 45. Kf3 Kh5 46. Ke3
Kh6 47. Be7 Kg6 48. h4 f6 49. Bc5 Kh6 50. Kf3 Kh5 51. hxg5 fxg5 52. Bxb6 axb6
53. g4+ Kg6 54. Kg3 f4+ 1/2-1/2

[Event "VII Torneo Leonardo di Bona Magistrale"]
[Site "Cutro ITA"]
[Date "2001.04.30"]
[Round "7"]
[White "Mollov, Ergin"]
[Black "Todorov, Ognjan"]
[Result "1/2-1/2"]
[WhiteElo "2415"]
[BlackElo "2344"]
[PlyCount "27"]
[EventDate "2001.04.24"]

1. e4 d6 2. d4 Nf6 3. Nc3 g6 4. Nf3 Bg7 5. Be2 O-O 6. O-O c6 7. a4 a5 8. h3
Nbd7 9. Be3 e5 10. dxe5 dxe5 11. Bc4 Qe7 12. Nd2 Nc5 13. Qe2 Rd8 14. Rfd1
1/2-1/2

[Event "VII Torneo Leonardo di Bona Magistrale"]
[Site "Cutro ITA"]
[Date "2001.04.30"]
[Round "7"]
[White "Rotelli, Pietro"]
[Black "Dojkova, Galina"]
[Result "1/2-1/2"]
[WhiteElo "1779"]
[BlackElo "2110"]
[PlyCount "40"]
[EventDate "2001.04.24"]

1. d4 e6 2. c4 Nf6 3. Nf3 b6 4. g3 Bb7 5. Bg2 Be7 6. Nc3 Ne4 7. O-O O-O 8. Qc2
Nxc3 9. bxc3 Nc6 10. e4 Na5 11. Nd2 Ba6 12. e5 Rc8 13. Be4 h6 14. Bd3 d6 15.
Re1 dxe5 16. Rxe5 c6 17. a4 Qd7 18. Ba3 Bxa3 19. Rxa3 Rfd8 20. Ra1 Bb7 1/2-1/2

[Event "VII Torneo Leonardo di Bona Magistrale"]
[Site "Cutro ITA"]
[Date "2001.04.30"]
[Round "7"]
[White "Scerbo, Antonio"]
[Black "Hocevar, Nikola"]
[Result "0-1"]
[WhiteElo "2095"]
[BlackElo "2164"]
[PlyCount "84"]
[EventDate "2001.04.24"]

1. d4 d5 2. c4 e6 3. Nc3 Nf6 4. Bg5 c5 5. cxd5 cxd4 6. Qxd4 Be7 7. e4 Nc6 8.
Bb5 O-O 9. Bxc6 bxc6 10. Bxf6 Bxf6 11. e5 c5 12. Qxc5 Bxe5 13. Nge2 Ba6 14. Rd1
Bxc3+ 15. Nxc3 exd5 16. Rxd5 Qf6 17. Qd4 Qg6 18. f4 Qxg2 19. Rg1 Rfe8+ 20. Kd1
Qf3+ 21. Kc2 g6 22. Rg3 Qf1 23. f5 Rac8 24. fxg6 hxg6 25. Rd7 Qe2+ 26. Kb1 Qf1+
27. Kc2 Qf5+ 28. Kd2 Rc4 29. Qxa7 Bc8 30. Re7 Rd8+ 31. Ke2 Qc2+ 32. Kf3 Qf5+
33. Kg2 Rcd4 34. Rge3 Qg5+ 35. Kh1 Rd1+ 36. Nxd1 Rxd1+ 37. Re1 Qd5+ 38. Kg1
Qg5+ 39. Kf1 Qf5+ 40. Qf2 Ba6+ 41. Kg1 Qg5+ 42. Kh1 Qxe7 0-1

[Event "VII Torneo Leonardo di Bona Magistrale"]
[Site "Cutro ITA"]
[Date "2001.05.01"]
[Round "8"]
[White "Abatino, Maurizio"]
[Black "Mollov, Ergin"]
[Result "0-1"]
[WhiteElo "2242"]
[BlackElo "2415"]
[PlyCount "98"]
[EventDate "2001.04.24"]

1. d4 Nf6 2. c4 d6 3. Nc3 Bf5 4. g3 Ne4 5. Bg2 Nxc3 6. bxc3 Nc6 7. Nh3 g6 8.
Nf4 Bg7 9. e4 Bd7 10. Nd3 O-O 11. O-O b6 12. Qc2 Na5 13. Re1 Nxc4 14. e5 c6 15.
Bg5 dxe5 16. Nxe5 Nxe5 17. dxe5 Rc8 18. Rad1 Qc7 19. Qe2 Be6 20. Bf4 Rfd8 21.
h3 h6 22. h4 c5 23. c4 Rd4 24. Bd5 Qd7 25. Be3 Rxd1 26. Rxd1 Rd8 27. Bf4 Qc8
28. Rd2 Bxd5 29. Rxd5 e6 30. Rd6 Bf8 31. Rd2 Rxd2 32. Qxd2 Kh7 33. Kh2 Qc7 34.
Qd3 Bg7 35. Qd6 Qxd6 36. exd6 Bf6 37. d7 Bd8 38. Bd6 Kg7 39. f4 f6 40. Kg2 Kf7
41. Kf3 e5 42. fxe5 Ke6 43. Bf8 h5 44. exf6 Bxf6 45. Bg7 Bd8 46. Ke4 Kxd7 47.
Be5 Kc6 48. a4 a6 49. Bf4 Bc7 0-1

[Event "VII Torneo Leonardo di Bona Magistrale"]
[Site "Cutro ITA"]
[Date "2001.05.01"]
[Round "8"]
[White "Ivanov, Jordan"]
[Black "Genocchio, Daniele"]
[Result "1-0"]
[WhiteElo "2400"]
[BlackElo "2278"]
[PlyCount "67"]
[EventDate "2001.04.24"]

1. d4 f5 2. g3 Nf6 3. Bg2 g6 4. c4 Bg7 5. Nf3 O-O 6. Nc3 d6 7. O-O Nc6 8. d5
Na5 9. Qa4 c5 10. dxc6 Nxc6 11. Rd1 Nd7 12. Be3 Kh8 13. Rac1 Nce5 14. b3 Ng4
15. Bd2 Nc5 16. Qa3 Ne4 17. Nxe4 fxe4 18. Ng5 Nxf2 19. Rf1 Bd4 20. e3 Bf6 21.
Nxh7 Nh3+ 22. Bxh3 Kxh7 23. Bg2 Bf5 24. Bc3 Qd7 25. Bxf6 Rxf6 26. Qb2 b6 27.
Qd4 Qe6 28. Rf4 Raf8 29. g4 Bxg4 30. Rxe4 Qf5 31. Rxg4 Qf2+ 32. Kh1 e5 33. Qe4
Kg7 34. Bh3 1-0

[Event "VII Torneo Leonardo di Bona Magistrale"]
[Site "Cutro ITA"]
[Date "2001.05.01"]
[Round "8"]
[White "Janev, Evgeni"]
[Black "Dragojlovic, Andjelko"]
[Result "1-0"]
[WhiteElo "2465"]
[BlackElo "2335"]
[PlyCount "81"]
[EventDate "2001.04.24"]

1. e4 c5 2. Nf3 g6 3. d4 cxd4 4. Nxd4 Nc6 5. Nb3 Bg7 6. Be2 Nf6 7. Nc3 O-O 8.
O-O d6 9. Be3 Be6 10. f4 Rc8 11. Bf3 a6 12. g4 Na5 13. Bd4 Bc4 14. Rf2 Nc6 15.
Be3 b5 16. Rd2 b4 17. Ne2 Qc7 18. Nec1 Nd7 19. Nd3 Nb6 20. Rc1 e5 21. f5 d5 22.
h4 Nd4 23. Nxd4 exd4 24. Bf4 Qc6 25. e5 Bxd3 26. f6 Bxf6 27. exf6 Be4 28. Rf2
Qxf6 29. Bg5 Qg7 30. b3 Rfe8 31. Qf1 Rc3 32. Re1 Rec8 33. Bf4 Bxf3 34. Rxf3 Qf6
35. Rxc3 dxc3 36. Qf2 Nd7 37. h5 g5 38. Bg3 Qc6 39. Re7 Nf6 40. Be5 Kg7 41. h6+
1-0

[Event "VII Torneo Leonardo di Bona Magistrale"]
[Site "Cutro ITA"]
[Date "2001.05.01"]
[Round "8"]
[White "Rotelli, Pietro"]
[Black "Lazic, Miroljub"]
[Result "0-1"]
[WhiteElo "1779"]
[BlackElo "2475"]
[PlyCount "76"]
[EventDate "2001.04.24"]

1. d4 d5 2. Nf3 c6 3. c4 e6 4. e3 Nf6 5. Bd3 Nbd7 6. O-O dxc4 7. Bxc4 Bd6 8.
Nc3 Qe7 9. e4 e5 10. d5 Nb6 11. Bb3 cxd5 12. Nxd5 Nfxd5 13. Bxd5 Nxd5 14. Qxd5
Be6 15. Qb5+ Qd7 16. Qxd7+ Kxd7 17. Be3 f6 18. Rfd1 Rhc8 19. Ne1 Rc6 20. Rd2
Ke7 21. b3 a5 22. Nd3 Rac8 23. Rad1 h6 24. h3 Ba3 25. f4 exf4 26. Bxf4 b5 27.
e5 f5 28. h4 a4 29. bxa4 bxa4 30. Be3 Rc2 31. Nf4 Rxd2 32. Rxd2 Bc1 33. Re2
Bxe3+ 34. Rxe3 Bxa2 35. e6 g5 36. hxg5 hxg5 37. Ng6+ Kf6 38. e7 Re8 0-1

[Event "VII Torneo Leonardo di Bona Magistrale"]
[Site "Cutro ITA"]
[Date "2001.05.01"]
[Round "8"]
[White "Scerbo, Antonio"]
[Black "Todorov, Ognjan"]
[Result "1/2-1/2"]
[WhiteElo "2095"]
[BlackElo "2344"]
[PlyCount "52"]
[EventDate "2001.04.24"]

1. d4 Nf6 2. c4 c5 3. d5 d6 4. Nc3 g6 5. e4 Bg7 6. Nf3 O-O 7. Be2 e6 8. O-O Re8
9. h3 exd5 10. exd5 Bf5 11. Bd3 Bxd3 12. Qxd3 Na6 13. Bf4 Nb4 14. Qd2 Ne4 15.
Nxe4 Rxe4 16. a3 Na6 17. Rac1 b5 18. cxb5 Nc7 19. Rfe1 Rxe1+ 20. Rxe1 Nxb5 21.
Bg5 f6 22. Bh4 a5 23. Bg3 a4 24. Re6 Ra6 25. Qe2 Nc7 26. Nd2 Bf8 1/2-1/2

[Event "VII Torneo Leonardo di Bona Magistrale"]
[Site "Cutro ITA"]
[Date "2001.05.02"]
[Round "9"]
[White "Dojkova, Galina"]
[Black "Genocchio, Daniele"]
[Result "0-1"]
[WhiteElo "2110"]
[BlackElo "2278"]
[PlyCount "88"]
[EventDate "2001.04.24"]

1. e4 c5 2. Nf3 Nc6 3. d4 cxd4 4. Nxd4 Nf6 5. Nc3 e5 6. Ndb5 d6 7. Bg5 a6 8.
Na3 b5 9. Bxf6 gxf6 10. Nd5 Bg7 11. Bd3 Be6 12. Qh5 f5 13. O-O f4 14. c4 b4 15.
Nc2 Rb8 16. b3 O-O 17. g3 h6 18. Rae1 Qg5 19. Qxg5 hxg5 20. f3 a5 21. g4 Kh7
22. Ra1 Rb7 23. Kf2 Kg6 24. Rh1 Rh8 25. a3 bxa3 26. Rxa3 Bf6 27. Kg2 Rhb8 28.
Na1 Bd8 29. Bc2 Kg7 30. Bd1 Bxd5 31. exd5 Nb4 32. Kf2 f5 33. gxf5 g4 34. fxg4
e4 35. h4 Kf6 36. Ke2 Ke5 37. Kd2 Rh7 38. Nc2 Nd3 39. Be2 Nc5 40. Kc3 Rxh4 41.
Rxh4 Bxh4 42. Bf1 f3 43. Na1 e3 44. Ra2 Be1+ 0-1

[Event "VII Torneo Leonardo di Bona Magistrale"]
[Site "Cutro ITA"]
[Date "2001.05.02"]
[Round "9"]
[White "Dragojlovic, Andjelko"]
[Black "Ivanov, Jordan"]
[Result "0-1"]
[WhiteElo "2335"]
[BlackElo "2400"]
[PlyCount "40"]
[EventDate "2001.04.24"]

1. e4 c5 2. Nf3 e6 3. b3 Nf6 4. e5 Nd5 5. Bb2 Nc6 6. g3 Be7 7. Bg2 O-O 8. O-O
f6 9. d4 cxd4 10. exf6 Bxf6 11. Nxd4 Qb6 12. c3 Nxc3 13. Nxc3 Bxd4 14. Na4
Bxf2+ 15. Kh1 Qd8 16. Qc2 Bd4 17. Be4 h6 18. Bxd4 Nxd4 19. Qc5 Nf5 20. Bxf5 d6
0-1

[Event "VII Torneo Leonardo di Bona Magistrale"]
[Site "Cutro ITA"]
[Date "2001.05.02"]
[Round "9"]
[White "Hocevar, Nikola"]
[Black "Abatino, Maurizio"]
[Result "1/2-1/2"]
[WhiteElo "2164"]
[BlackElo "2242"]
[PlyCount "23"]
[EventDate "2001.04.24"]

1. c4 Nf6 2. Nc3 e6 3. e4 d5 4. cxd5 exd5 5. e5 Ne4 6. Nf3 Nc6 7. Bb5 Bd7 8.
Qe2 Nb4 9. Bxd7+ Qxd7 10. O-O O-O-O 11. d4 Nc6 12. Rd1 1/2-1/2

[Event "VII Torneo Leonardo di Bona Magistrale"]
[Site "Cutro ITA"]
[Date "2001.05.02"]
[Round "9"]
[White "Janev, Evgeni"]
[Black "Scerbo, Antonio"]
[Result "1-0"]
[WhiteElo "2465"]
[BlackElo "2095"]
[PlyCount "77"]
[EventDate "2001.04.24"]

1. e4 c5 2. Nf3 Nc6 3. Bb5 g6 4. O-O Bg7 5. Re1 Nf6 6. e5 Nd5 7. Nc3 Nc7 8.
Bxc6 bxc6 9. d3 Ne6 10. Be3 d5 11. exd6 exd6 12. Qc1 O-O 13. Bh6 Nd4 14. Nxd4
cxd4 15. Ne4 d5 16. Nc5 Qd6 17. b4 Bxh6 18. Qxh6 a5 19. a3 axb4 20. axb4 Rxa1
21. Rxa1 Re8 22. Qh4 Qe5 23. h3 g5 24. Qh6 Qf5 25. Kf1 g4 26. Qxc6 Qe5 27. hxg4
Bxg4 28. Qh6 Bd1 29. Kg1 Qe1+ 30. Kh2 Qe5+ 31. f4 Qh5+ 32. Qxh5 Bxh5 33. Nb3
Rb8 34. Ra4 Bg4 35. Nxd4 Bd7 36. b5 Kf8 37. c4 dxc4 38. dxc4 Ke7 39. c5 1-0

[Event "VII Torneo Leonardo di Bona Magistrale"]
[Site "Cutro ITA"]
[Date "2001.05.02"]
[Round "9"]
[White "Todorov, Ognjan"]
[Black "Rotelli, Pietro"]
[Result "1-0"]
[WhiteElo "2344"]
[BlackElo "1779"]
[PlyCount "69"]
[EventDate "2001.04.24"]

1. d4 d5 2. Nf3 Nf6 3. c4 c6 4. Qc2 e6 5. g3 Nbd7 6. Bg2 Ne4 7. O-O Be7 8. b3
O-O 9. Ba3 Bxa3 10. Nxa3 Qe7 11. Qb2 b6 12. b4 a6 13. Rfc1 Bb7 14. c5 b5 15.
Nc2 f5 16. e3 g5 17. Nce1 f4 18. exf4 gxf4 19. a4 fxg3 20. hxg3 Ndf6 21. axb5
axb5 22. Rxa8 Bxa8 23. Ne5 Qg7 24. Qe2 Bb7 25. Ra1 Nc3 26. Qe3 Nfe4 27. N1d3
Ra8 28. Rxa8+ Bxa8 29. Nf4 Qh6 30. Bxe4 Nxe4 31. Qa3 Qf8 32. Qa7 Ng5 33. Qd7 h6
34. Neg6 Qf7 35. Qd8+ 1-0